Újjáválasztották a KIOSZ-vezetőségét A magánkisiparosok küldött gyűlése
Elmentve itt :
| Dokumentumtípus: | Cikk |
|---|---|
| Megjelent: |
1967-09-19
|
| Sorozat: | Délmagyarország
57 No. 221 |
| Kulcsszavak: | Horváth János, Katona Sándor, Tóth Istvánné, Nagy Zoltán, B., Veszely József, Erdősi Ernőné, Gömöri Lajos, Sas Ferencné, Béres József, May Károly, Kisiparosok Szeged 1967, kisipar |
| Online Access: | http://dmarchiv.bibl.u-szeged.hu/65357 |
| LEADER | 00639nab a2200145 i 4500 | ||
|---|---|---|---|
| 001 | delm65357 | ||
| 005 | 20180927151319.0 | ||
| 008 | 180927s1967 hu o 0|| hun d | ||
| 040 | |a SZTE Délmagyarország Archívum |b hun | ||
| 041 | |a hun | ||
| 245 | 0 | 0 | |a Újjáválasztották a KIOSZ-vezetőségét |h [elektronikus dokumentum] : |b A magánkisiparosok küldött gyűlése |
| 260 | |c 1967-09-19 | ||
| 300 | |a 5 | ||
| 490 | 0 | |a Délmagyarország |v 57 No. 221 | |
| 695 | |a Horváth János, Katona Sándor, Tóth Istvánné, Nagy Zoltán, B., Veszely József, Erdősi Ernőné, Gömöri Lajos, Sas Ferencné, Béres József, May Károly, Kisiparosok Szeged 1967, kisipar | ||